LEADER 01317nam--2200385---450- 001 990001991100203316 005 20060125163151.0 035 $a000199110 035 $aUSA01000199110 035 $a(ALEPH)000199110USA01 035 $a000199110 100 $a20040908d1985----km-y0itay0103----ba 101 $aita 102 $aIT 105 $aa|||||||001yy 200 1 $a4. triennale internazionale degli strumenti ad arco$ecatalogo generale$eCremona 5-13 ottobre 1985$eCentro culturale citta di Cremona 210 $aCremona$cEnte triennale internazionale degli strumenti ad arco$d[1985?] 215 $a42 c.$cill.$d22 cm 410 0$12001 454 1$12001 461 1$1001-------$12001 606 0 $aStrumenti ad arco$xEsposizioni$z1985 606 0 $aEsposizioni$yCremona$z1985 676 $a781.91 710 12$aTriennale internazionale degli strumenti ad arco$d<4. ;$fCremona ;$e1985>$0566032 801 0$aIT$bsalbc$gISBD 912 $a990001991100203316 951 $aXIII.3.C. 57(VII M 200)$b22087 L.M.$cVII M 951 $aXIII.3.C. 57a(VII M 200bis)$b22086 LM$cVII M 959 $aBK 969 $aUMA 979 $aSIAV6$b10$c20040908$lUSA01$h1632 979 $aCOPAT5$b90$c20060125$lUSA01$h1631 996 $a4. triennale internazionale degli strumenti ad arco$91045719 997 $aUNISA LEADER 02475nam 2200493 450 001 9910480830603321 005 20171118030004.0 010 $a0-253-03170-2 035 $a(CKB)4100000001041603 035 $a(OCoLC)1011555477 035 $a(MdBmJHUP)muse59760 035 $a(MiAaPQ)EBC5150102 035 $a(EXLCZ)994100000001041603 100 $a20171215h20182018 uy 0 101 0 $aeng 135 $aur|||||||nn|n 181 $ctxt$2rdacontent 182 $cc$2rdamedia 183 $acr$2rdacarrier 200 10$aSilver screen, Hasidic Jews $ethe story of an image /$fShaina Hammerman 210 1$aBloomington, Indiana :$cIndiana University Press,$d2018. 210 4$d©2018 215 $a1 online resource (pages cm) 311 $a0-253-03168-0 311 $a0-253-03169-9 320 $aIncludes bibliographical references, filmographies and index. 327 $aAcknowledgments -- Introduction: when Jews are like Jews -- The yarmulke beneath the cowboy hat: signifying Jewishness in the Hasidic Western -- The Jewish type and "Le Juif Typique": typologies of Jewishness in Les Aventures De Rabbi Jacob -- Hard-core Jews: Woody Allen's religious women and men -- Cinema judeite: projecting Jewish-Muslim romance -- What lies beneath the wig: Hester Street and adaptation -- Epilogue: hijab, habit, and hasid -- Filmography and bibliography -- Index. 330 $a"Motivated by Woody Allen's brief comedic transformation into a Hasidic Jew in Annie Hall, cultural historian Shaina Hammerman examines the effects of real and imagined representations of Hasidic Jews in film, television, theater, and photography. Although these depictions could easily be dismissed as slapstick comedies and sexy dramas about forbidden relationships, Hammerman uses this ethnic imagery to ask meaningful questions about how Jewish identity, multiculturalism, belonging, and relevance are constructed on the stage and silver screen"--$cProvided by publisher. 606 $aJews in motion pictures 606 $aHasidism 606 $aJews in popular culture 608 $aElectronic books. 615 0$aJews in motion pictures. 615 0$aHasidism. 615 0$aJews in popular culture. 676 $a791.43/652924 700 $aHammerman$b Shaina$0991569 801 0$bMiAaPQ 801 1$bMiAaPQ 801 2$bMiAaPQ 906 $aBOOK 912 $a9910480830603321 996 $aSilver screen, Hasidic Jews$92269274 997 $aUNINA LEADER 04195nam 22007695 450 001 9910349288603321 005 20251225195008.0 010 $a3-030-29193-6 024 7 $a10.1007/978-3-030-29193-8 035 $a(CKB)4100000008959028 035 $a(DE-He213)978-3-030-29193-8 035 $a(MiAaPQ)EBC5927864 035 $a(PPN)243769814 035 $a(EXLCZ)994100000008959028 100 $a20190809d2019 u| 0 101 0 $aeng 135 $aurnn|008mamaa 181 $ctxt$2rdacontent 182 $cc$2rdamedia 183 $acr$2rdacarrier 200 10$aCloud Computing and Services Science $e8th International Conference, CLOSER 2018, Funchal, Madeira, Portugal, March 19-21, 2018, Revised Selected Papers /$fedited by Víctor Méndez Muñoz, Donald Ferguson, Markus Helfert, Claus Pahl 205 $a1st ed. 2019. 210 1$aCham :$cSpringer International Publishing :$cImprint: Springer,$d2019. 215 $a1 online resource (XI, 233 p. 104 illus., 40 illus. in color.) 225 1 $aCommunications in Computer and Information Science,$x1865-0937 ;$v1073 311 08$a3-030-29192-8 320 $aIncludes bibliographical references and index. 327 $aCELA: Cost-E?cient, Location-aware VM and Data Placement in Geo-distributed DCs -- Will Cloud Gain an Edge, or, CLOSER, to the Edge -- Model-based Generation of Self-adaptive Cloud Services -- A Record/Replay Debugger for Service Development on the Cloud -- Smart Connected Digital Factories: Unleashing the Power of Industry 4.0* -- Interoperability between SaaS and Data Layers: Enhancing the MIDAS Middleware -- Continuous Architecting with Microservices and DevOps: A Systematic Mapping Study -- Towards Pricing-aware Consolidation Methods for Cloud Datacenters -- Optimising QoS-assurance, Resource Usage and Cost of Fog Application Deployments -- Right Scaling for Right Pricing: A Case Study on Total Cost of Ownership Measurement for Cloud Migration -- Malicious Behavior Classi?cation in PaaS. 330 $aThis book constitutes extended, revised and selected papers from the 8th International Conference on Cloud Computing and Services Science, CLOSER 2018, held in Funchal, Portugal in March 2018. The 11 papers presented in this volume were carefully reviewed and selected from a total of 94 submissions. CLOSER 2018 is focused on the emerging area of Cloud Computing, inspired by some latest advances that concern the infrastructure, operations and available services throughout the global network. 410 0$aCommunications in Computer and Information Science,$x1865-0937 ;$v1073 606 $aSoftware engineering 606 $aArtificial intelligence 606 $aComputer networks 606 $aComputer systems 606 $aMicroprogramming 606 $aComputer input-output equipment 606 $aSoftware Engineering 606 $aArtificial Intelligence 606 $aComputer Communication Networks 606 $aComputer System Implementation 606 $aControl Structures and Microprogramming 606 $aInput/Output and Data Communications 615 0$aSoftware engineering. 615 0$aArtificial intelligence. 615 0$aComputer networks. 615 0$aComputer systems. 615 0$aMicroprogramming. 615 0$aComputer input-output equipment. 615 14$aSoftware Engineering. 615 24$aArtificial Intelligence. 615 24$aComputer Communication Networks. 615 24$aComputer System Implementation. 615 24$aControl Structures and Microprogramming. 615 24$aInput/Output and Data Communications. 676 $a004.6782 676 $a004.6782 702 $aMuñoz$b Víctor Méndez$4edt$4http://id.loc.gov/vocabulary/relators/edt 702 $aFerguson$b Donald$4edt$4http://id.loc.gov/vocabulary/relators/edt 702 $aHelfert$b Markus$4edt$4http://id.loc.gov/vocabulary/relators/edt 702 $aPahl$b Claus$4edt$4http://id.loc.gov/vocabulary/relators/edt 801 0$bMiAaPQ 801 1$bMiAaPQ 801 2$bMiAaPQ 906 $aBOOK 912 $a9910349288603321 996 $aCloud computing and services science$91891832 997 $aUNINA